[Event "Minneapolis HB Global op"]
[Site "Minneapolis"]
[Date "2005.05.21"]
[Round "6"]
[White "Zarnicki, Pablo Adrian"]
[Black "Ginsburg, Mark"]
[Result "1-0"]
[WhiteElo "2523"]
[BlackElo "2354"]
[Annotator "Psakhis,L"]
[PlyCount "73"]
[EventDate "2005.05.18"]
[EventType "swiss"]
[EventRounds "9"]
[EventCountry "USA"]
[SourceTitle "CBM 107"]
[Source "ChessBase"]
[SourceDate "2005.08.01"]
[SourceVersion "1"]
[SourceVersionDate "2005.08.01"]
[SourceQuality "1"]

1. e4 c5 2. Nf3 e6 3. d3 Nc6 4. g3 d5 5. Qe2 Nf6 6. Bg2 Be7 7. O-O O-O 8. e5
Ne8 9. c4 (9. h4 b5 (9... Nc7 10. Bg5 b5 11. Nbd2 a5 12. c4 a4 13. Rab1 Bd7 $13
14. Rfd1 h6 15. Bf4 Re8 16. Nf1 bxc4 17. dxc4 Na5 18. Ne3 Bc6 $13 {1/2-1/2
Floegel,U-Bischof1995/GER-chT (30)}) (9... f5 10. c3 g6 11. d4 b6 12. Bh6 Ng7
13. Rd1 f4 14. Nbd2 fxg3 15. fxg3 cxd4 16. cxd4 Nf5 17. Bxf8 Ncxd4 18. Nxd4
Nxd4 19. Qg4 Bxf8 20. Kh2 $14 {1-0 Psakhis-Beider/Tel-Aviv active 1990 (39)})
10. Bf4 a5 11. Nbd2 (11. c3 Nc7 12. Nbd2 a4 $13 {1/2-1/2 Iuldachev,S-Bischoff,
K/Calcutta 1997/CBM 56 ext (39)}) 11... a4 12. a3 b4 13. Bg5 Nc7 14. c3 bxc3
15. bxc3 Nb5 (15... Bxg5 $5 16. hxg5 Nb5 17. Rfc1 Qa5 $132) 16. Rfc1 Qa5 $36 {
1-0 Fedorov,A-Savchenko,S/Minsk 1996 (41)}) (9. Nbd2 Nc7 10. c4 b5 11. b3 a5
12. a4 bxc4 13. bxc4 Rb8 14. Ba3 Na6 15. Nb1 dxc4 16. dxc4 Nd4 17. Nxd4 cxd4
18. Rd1 Nb4 $36 {1/2-1/2 Ftacnik,L-Jirovsky,M/Presov 1999/CBM 73_07 (18)}) 9...
Nc7 (9... f5 10. exf6 Bxf6 11. h4 dxc4 (11... Nd6 $5) 12. dxc4 Nd4 13. Nxd4
Bxd4 14. Nd2 e5 15. Ne4 $14 {1/2-1/2 Yuldashev,S-Chernosvitov,A/Voskresensk
1992 (18)}) 10. Bf4 (10. h4 $5 b5 11. b3 Ba6 (11... Bb7 12. Bf4 a5 13. Nbd2 a4
14. h5 Nb4 15. h6 g6 16. Rfd1 axb3 17. axb3 Qd7 18. Nh2 Rxa1 19. Rxa1 Ra8 20.
Rxa8+ Bxa8 {1-0 Jones,G-Egirolami/Dos Hermanas Internet qualifier S17 2005 (40)
}) 12. Na3 Qe8 13. Rd1 Rd8 14. Bb2 Nb4 15. Nh2 bxc4 16. dxc4 d4 17. Bc1 f5 18.
Qf3 Rb8 19. Bf4 h6 20. Bd2 Bb7 21. Qe2 d3 $132 {1-0 Vescovi,G-Sveshnikov,E/
Moscow Aeroflot op 2002/ (97)}) (10. Nc3 Rb8 (10... a6 11. h4 Rb8 12. Bf4 b5
13. b3 Nd4 14. Nxd4 cxd4 15. Nb1 dxc4 16. dxc4 bxc4 17. bxc4 Qd7 18. Nd2 Bb7
19. Bxb7 Rxb7 20. Nb3 Rd8 21. Rfd1 d3 {1-0 Beshukov,S-Illijin,N/Biel MTO 2003/
(31)}) 11. Rd1 (11. b3 b5 12. Nxb5 Nxb5 13. cxb5 Rxb5 14. h4 (14. Be3 Ba6 15.
Rfc1 Qb8 16. d4 Rb6 {1/2-1/2 Bilek,I-Bouwmeester,H/ Amsterdam IBM 1968}) 14...
a5 15. h5 Ba6 16. h6 g6 17. Bf4 Rb7 18. Rac1 Qb6 19. Bg5 Bxg5 20. Nxg5 Rc8 21.
Nf3 Qc7 22. Rfd1 Qe7 {1-0 Turov,M-Alekseev,E/RUS-Cup Tula 2001/CA (40)}) (11.
a4 Nb4 12. Rd1 d4 13. Ne4 f5 14. exf6 gxf6 15. Bh6 Rf7 16. Bh3 Nc6 17. Bg4 Bf8
18. Qd2 Bxh6 19. Qxh6 b6 20. Bh5 Rf8 21. g4 $40 {1-0 Shaposhnikov,E-Bellaiche,
A/Moscow Aeroflot-A 2004/ChessBase (29)}) (11. h4 $146 b5 12. Ng5 $6 (12. Rd1)
12... Nd4 13. Qh5 h6 14. Nf3 (14. Nh3 bxc4 15. dxc4 Ba6) 14... Nf5 $5 (14...
bxc4 $5 15. dxc4 Ba6 16. Nd2 f6 17. exf6 Bxf6 $36 18. Rd1 $140 Nc2 19. Rb1 Bd4)
15. Re1 bxc4 16. dxc4 dxc4 17. Nh2 (17. Rd1 $5 Nd5 $140 18. Bh3 g6 19. Qg4)
17... g6 (17... Bb7 $5 18. Bxb7 Rxb7 19. Qg4 (19. Ng4 Qb8 20. Ne4 $140 Nd5)
19... Nd5 20. Qxc4 $13) 18. Qe2 (18. Qg4 h5 19. Qxc4 Qd4 $15) 18... Qd3 19. Qg4
h5 {0-1 Dgebuadze,A-Chuchelov,V/Leuven op 1999/CBM 75/[Chuchelov] (41)}) 11...
b5 12. b3 (12. Nxb5 Nxb5 13. cxb5 Rxb5 14. d4 Qb6) 12... f5 $5 (12... b4 13.
Na4 $14) 13. cxd5 (13. cxb5 Nxb5 14. Nxb5 Rxb5 15. d4 Ba6 (15... Qb6 16. Ba3 $1
) 16. dxc5 Qa5 $11) 13... exd5 (13... Nxd5 14. Nxd5 Qxd5 15. d4 cxd4 (15... Qe4
16. Be3) 16. Bb2 Bb7 17. Bxd4 Nxd4 18. Rxd4 Qc6 $11) 14. d4 Ba6 (14... b4 15.
Na4 Ba6 16. Qc2) 15. Qe3 (15. Qc2 $5 b4 (15... c4 {'!?'} 16. bxc4 bxc4 $13) 16.
Na4 c4 17. bxc4 Bxc4 (17... dxc4 18. d5 $1 b3 (18... Nxd5 $2 19. Ne1 b3 20.
axb3 Ncb4 21. Bxd5+ $18) 19. axb3 Nb4 20. Qd2 Nbxd5 21. bxc4 Bxc4 22. Nd4 $14)
18. Nb2 Bb5 $13) 15... Ne6 16. Ne2 b4 (16... Nb4 17. Qd2) 17. dxc5 (17. Bb2 $5)
17... Bxc5 18. Qd2 Qb6 $132 {1-0 Psakhis,L-Strikovic,A/Yerevan ol 1996/
ChessBase/[Psakhis,L] (41)}) (10. b3 b5 11. Rd1 Bb7 12. h4 Qd7 13. Nc3 a6 14.
cxd5 exd5 15. d4 cxd4 16. Nxd4 Nxd4 17. Rxd4 Ne6 18. Rd1 d4 19. Ne4 Rfd8 20.
Bb2 Rac8 21. Rd3 a5 22. f4 g6 23. h5 b4 24. hxg6 hxg6 {1/2-1/2 Paragua,
M-Naumkin,I/Genova op 2001/ChessBase (51)}) (10. Na3 Rb8 11. Rd1 b5 12. b3 a5
13. Be3 Ba6 14. Rac1 bxc4 15. bxc4 Nb4 16. Nb1 Qd7 17. a3 Nc6 18. Qc2 Rfc8 $15
{0-1 Davies,N-Rowson,J/Birmingham ENG 1999 (33)}) 10... b6 $146 (10... b5 11.
b3 Rb8 12. h4 Nd4 $6 (12... a5 $5 13. Nbd2 $140 a4 $132) 13. Nxd4 cxd4 14. Rd1
Bb7 15. Nd2 dxc4 16. Bxb7 Rxb7 17. dxc4 bxc4 18. Qe4 Qc8 19. bxc4 $14 {1-0 Tal,
M-Debarnot,R/Las Palmas 1977/EXT 98 (53)}) 11. h4 Bb7 12. Nbd2 Qd7 13. Rfe1 (
13. Rad1 $142 $5) 13... Nb4 {This is an interesting way to solve the opening
problems.} 14. Rad1 {[%mdl 512] White simply don't care about pawn a2, hoping
to compensate the it by activity of all pieces.} (14. Nf1 $5 dxc4 $140 15. dxc4
Nd3 16. Red1 Nxf4 17. gxf4 Qc8 18. Ne3 $132) 14... Nxa2 15. Nf1 {[%cal Gf1h2,
Gh2g4]} Nb4 16. Ng5 {[%cal Ch7h6,Ch6g5,Ge2h5]} h6 17. Nh3 Nc6 ({Worth
considering} 17... f5 $5 18. exf6 Bxf6 19. Bxc7 Qxc7 20. Nf4 (20. Qxe6+ Qf7)
20... Rfe8 $15 {and I am not sure that White's temporary initiative fully
compensate the absence of the pawn.}) 18. Qg4 {It is not so easy now to
neutralize white's initiative} Kh8 19. Ne3 (19. Qh5 {[%cal Gf4h6]}) 19... Nd4 {
[%csl Gd4]} 20. Qh5 {Finally a very complicated position has been arised:
despite his extra pawn Black has a serious problems on the king side.} Nf5 $6 (
{Bad or good, but Black had to bring queen for defense -} 20... Qe8 $8 {and}
21. Bxh6 gxh6 (21... f5 22. Qxe8 Rfxe8 23. Bg5 $14) 22. Qxh6+ Kg8 23. Ng5 Bxg5
24. Qxg5+ (24. hxg5 {[%cal Ge3g4]} Nf5 25. Nxf5 exf5) 24... Kh7 25. Ng4 f5 26.
Qh6+ Kg8 $13 {leads, possibly, just to the draw.}) 21. Nxf5 exf5 22. Bxh6 g6 (
22... gxh6 23. Qxh6+ Kg8 24. Nf4 $16 {[%cal Ge5e6,Rf4h5]}) 23. Qe2 (23. Qf3 $5)
23... Ne6 (23... Rfe8 24. d4 $1 cxd4 25. cxd5 $16) 24. Bxf8 Rxf8 25. Qd2 Kg7
26. Nf4 $18 Nxf4 27. Qxf4 {[%cal Ge5e6]} Qe6 28. d4 $1 {Crucial breakthrough
in the center. Rest is very simple.} Rd8 (28... b5 $5) 29. dxc5 Bxc5 30. b4 (
30. Qd2 $5 {[%csl Rd5]}) 30... Be7 (30... Bxb4 31. cxd5 Bxe1 32. dxe6 Rxd1 33.
Qa4 $1 $18) 31. b5 Rd7 (31... Ba8 $5 32. cxd5 Bxd5 33. Bxd5 Rxd5 34. Rxd5 Qxd5
35. Ra1 Qxb5 36. Rxa7 $18) 32. h5 (32. cxd5 $5) 32... g5 33. Qd4 Bc5 34. cxd5
$1 Qh6 (34... Bxd5 35. Qd2) 35. Qc3 Rc7 (35... Kg8) 36. e6+ f6 37. e7 $1 (37.
e7 Rxe7 38. Rxe7+ Bxe7 39. Qc7) 1-0

[Event "Tan Chin Nam Cup 5th"]
[Site "Shenyang"]
[Date "1999.07.10"]
[Round "3"]
[White "Zhang, Zhong"]
[Black "Dreev, Alexey"]
[Result "1/2-1/2"]
[WhiteElo "2541"]
[BlackElo "2679"]
[Annotator "Psakhis,L"]
[PlyCount "84"]
[EventDate "1999.07.08"]
[EventType "tourn"]
[EventRounds "9"]
[EventCountry "CHN"]
[EventCategory "13"]
[SourceTitle "CBM 073"]
[Source "ChessBase"]
[SourceDate "1999.12.01"]
[SourceVersion "1"]
[SourceVersionDate "1999.12.01"]
[SourceQuality "1"]

1. e4 e6 2. d3 d5 3. Nd2 Nf6 4. Ngf3 b6 $1 5. g3 (5. c3 $5) 5... dxe4 6. dxe4
Bb7 ({Another good move in this position is} 6... Bc5 {and after for example}
7. Bb5+ (7. Bg2 Ba6 8. c4 Qd3 $5 {leads to complicated game}) 7... Bd7 8. Bd3
Nc6 9. c3 e5 10. b4 Bd6 11. O-O O-O 12. Qc2 Bg4 13. Be2 a5 14. b5 Nb8 15. Nc4
Nbd7 $11 {0-1 Morozevich,A-Dreev,A/Yalta act 1995 (36) Black has at least
equal chances.}) 7. Qe2 (7. Bb5+ Nbd7 8. Ne5 a6 9. Nxd7 Nxd7 10. Bf1 h5 11. h4
Qf6 12. Bg2 O-O-O 13. Qe2 Qg6 $15 {0-1 Evelev,V-Volkov,S/Moscow op 1998 (72)})
7... Ba6 $5 (7... Nc6 8. Bg2 $6 (8. c3 $5) 8... Nb4 $5 9. Qc4 Ba6 10. Qb3 Nd7
11. a3 Nc5 $1 12. Qc3 Nxc2+ 13. Qxc2 Nd3+ 14. Kd1 Nxf2+ 15. Ke1 Nd3+ $40 {
1/2-1/2 Vujosevic,V-Bukal,V/Paks GM 1998 (102)}) 8. c4 Nc6 9. e5 Nd7 10. Bg2
Nc5 11. O-O Bb7 {[%cal Gd8d3] Dreev could be happy with results of the opening.
He provocated white to play c4, almost finished development, queen is ready to
jump on d3.} 12. Rd1 (12. Nb3 Qd3 13. Qxd3 Nxd3 14. Nfd4 Nxd4 15. Bxb7 Rb8 16.
Nxd4 Rxb7 17. Nc6 Nb4 18. Nxb4 Bxb4 19. Be3 c6 $11 {Salinnikov,D-Malakhatko,V/
Alushta 1999/1/2-1/2 (66)}) (12. Ne1 Qd7 13. f4 O-O-O 14. Ndf3 Nd4 15. Nxd4
Bxg2 16. Kxg2 Qxd4 17. Be3 Qe4+ $11 {1/2-1/2 Morozevich-Rosentalis/Moscow olm
1994 (65)}) 12... Qd3 13. Qxd3 Nxd3 14. Ne4 $146 ({Black got better ending
after} 14. Nb3 $6 O-O-O 15. Bg5 Rd7 16. Bf4 Be7 17. Rd2 Rhd8 18. Re2 h6 19. h4
a5 $36 {0-1 Kroneder,C-Rieger,M/RLNO 1998 (31)}) 14... Rd8 ({Pawn on e5 in
untouchable on this moment-} 14... Ncxe5 $2 15. Nxe5 Nxe5 16. Bf4 $1 Nxc4 17.
Nf6+ gxf6 18. Bxb7 Rd8 19. Bc6+ $1 Ke7 20. Bxc7 Rxd1+ 21. Rxd1 $18 {leads to
catastrophe.}) 15. Nd6+ $5 (15. Bg5 $2 Be7 16. Bxe7 Kxe7 $17 {[%csl Re5]})
15... cxd6 (15... Bxd6 $5 {was the good alternative to the move in the game,
after} 16. Rxd3 (16. exd6 Rxd6) 16... Nxe5 17. Nxe5 Bxg2 18. Nxf7 Kxf7 19. Kxg2
Be5 $15 {Black has some initiative in the ending.}) 16. Rxd3 dxe5 (16... Nxe5 {
leads to equality-} 17. Nxe5 Bxg2 18. Nxf7 $1 Be4 19. Nxd8 Bxd3 20. Nxe6 Bxc4
$11) 17. Nxe5 Nxe5 18. Rxd8+ Kxd8 19. Bxb7 Nxc4 ({I would prefer} 19... Bc5 {
[%cal Re5g4,Re5d3] with better chances for Black}) 20. Ba6 Ne5 21. Bg5+ $1 (21.
Be3 Bd6) 21... f6 (21... Kd7 22. Bb5+ Kc7 23. Rc1+ Kb7 24. Bf4 Bd6 25. Rd1 $1)
22. Rd1+ Kc7 $8 23. Rc1+ Kd7 (23... Bc5 24. Bf4 (24. b4 Nf3+) 24... Kd6 $15 25.
Rd1+ Ke7 26. Bxe5 fxe5 27. Bb5 $11) 24. Bb5+ (24. Bc8+ Kd8 25. Be3 Nd3 $1)
24... Kd8 (24... Kd6 25. Be3 {[%cal Gf2f4]}) 25. Rd1+ Bd6 26. Bf4 $6 {Strange
decision, after} (26. Bxf6+ gxf6 27. Rxd6+ Ke7 28. Rd1 $14 {just White can
pretend to advantage.}) 26... Ke7 27. Bxe5 fxe5 28. Bd3 $11 {[%cal Gd3e4,Gd1d2]
Now game is deadly drawish, white,s bishop comes to e4, rook on d4 and Black
just can,t improve position.Rest move doesn,t need any analyses.} Bc5 29. Kg2
Rf8 30. f3 h6 31. Be4 Bd4 32. b3 Rc8 33. Kf1 Kd6 34. Ke2 g5 35. Rd2 {[%cal
Gd2c2]} Rc3 36. Rd3 Rc5 37. Rd2 Ra5 38. Rc2 b5 39. Kd3 b4 40. h4 gxh4 41. gxh4
Rc5 (41... Bc3 42. h5 {[%cal Gc2g2,Gg2g6]}) 42. Rxc5 Kxc5 1/2-1/2

[Event "Corus"]
[Site "Wijk aan Zee"]
[Date "2000.01.28"]
[Round "11"]
[White "Morozevich, Alexander"]
[Black "Lputian, Smbat G"]
[Result "1-0"]
[WhiteElo "2748"]
[BlackElo "2605"]
[Annotator "Psakhis,L"]
[PlyCount "73"]
[EventDate "2000.01.15"]
[EventType "tourn"]
[EventRounds "13"]
[EventCountry "NED"]
[EventCategory "18"]
[SourceTitle "CBM 075"]
[Source "ChessBase"]
[SourceDate "2000.04.05"]
[SourceVersion "1"]
[SourceVersionDate "2000.04.05"]
[SourceQuality "1"]

1. e4 e6 2. d3 d5 3. Qe2 {I will not be too surprised if in the neariest
future  even Kasparov will play this line with white.} dxe4 4. dxe4 b6 5. Nd2
$146 {New and interesting move} (5. f4 Ba6 6. c4 Bb4+ 7. Nd2 Nc6 8. Ngf3 Nd4 9.
Nxd4 Qxd4 10. a3 Bxd2+ 11. Bxd2 Qxb2 12. Qd1 O-O-O 13. Rb1 Qd4 14. Qc2 Nf6 {
0-1 Bjelica,D-Lima,D/Linares op 1995 (25)}) (5. c3 Ba6 6. Qc2 Bxf1 7. Kxf1 Nc6
(7... Nd7 8. Nf3 Nc5 9. b4 Qd3+ 10. Qxd3 Nxd3 11. Be3 Nf6 12. Ke2 Nb2 13. Nbd2
Na4 14. Rhc1 c5 15. b5 a6 16. Rab1 axb5 17. Rxb5 Be7 18. Ne5 Nd7 19. Nxd7 Kxd7
20. f4 Kc6 21. c4 f5 22. Rb3 {Fedorov,A-Ulibin,M/Calcutta op 1999/1-0 (53)}) 8.
Nf3 Qd7 9. Be3 Nf6 10. h3 e5 11. Nbd2 Be7 12. b4 a6 13. Ke2 O-O 14. Rhd1 Rad8
15. a4 Nh5 16. Kf1 Bf6 17. Rab1 Qc8 18. b5 axb5 19. axb5 Na5 {Leko,P-Bunzmann,
D/Hamburg m 1999/1-0 (43)}) (5. Nf3 Ba6 6. Qd2 Qxd2+ 7. Bxd2 Nf6 8. Nc3 Bxf1 9.
Rxf1 Nc6 10. O-O-O Bb4 11. Rfe1 O-O-O 12. a3 Bc5 13. Be3 Rxd1+ 14. Kxd1 Rd8+
15. Kc1 Bxe3+ 16. Rxe3 Ng4 17. Re2 h6 18. b3 Nge5 19. Nxe5 Nxe5 20. f3 Nc6 21.
Rd2 Nd4 22. Ne2 {1/2-1/2 Buckley,M-Lalic,S/BCF t-ch 9900 2000 (22)}) 5... Ba6
6. Nc4 Nf6 7. Nf3 Nc6 8. c3 Be7 (8... Na5 9. Qc2 $5 Bxc4 10. Bxc4 Nxc4 11. Qa4+
Qd7 12. Qxc4 $14) 9. e5 Nd7 10. Qe4 Bb7 11. Qg4 g6 12. Bh6 {From the first
look white got nice position witth good development and clear advantage in
space, but Lputian found great idea for black} b5 $1 {[%mdl 64]} (12... Bf8 $14
) 13. Ne3 ({Maybe was better than move in the game, but I am not sure that
after} 13. Ncd2 Ncxe5 14. Nxe5 Nxe5 15. Bxb5+ c6 16. Qe4 Qd5 {we can speak
about serious advantage of white}) 13... Ndxe5 14. Nxe5 Nxe5 15. Bxb5+ c6 16.
Qe4 Qc7 17. Be2 f5 $1 18. Qa4 Nf7 {Main point of black strategy- accidentaly
active white bishop went to big danger} 19. Bf4 $6 ({White could keep balance
after} 19. Bg7 $5 Rg8 20. Bd4 f4 (20... e5 21. Nd5 $1 Qd7 22. Nxe7 Qxe7 23. Be3
$16) 21. Nc4 e5 22. Qa5 Qxa5 23. Nxa5 exd4 24. Nxb7 Rb8 $13 {but Morozevich
decided to choose very risky line}) 19... e5 20. Bg3 f4 (20... O-O 21. f4 $132
(21. Bh4 g5 22. Nxf5 gxh4 23. Qg4+ Bg5 $17)) 21. Nd5 Qd6 (21... Qd7 $5 22.
O-O-O Nd6) 22. O-O-O (22. Nxe7 $2 fxg3 $1) (22. Nxf4 exf4 23. Bxf4 Qe6 24. Be3
O-O) 22... fxg3 23. Nf4 Qf6 24. Nd5 Qd6 (24... Qxf2 25. Nc7+ (25. Nxe7 Qxe2) (
25. Ba6 Bg5+ 26. Kb1 Qf5+ 27. Ka1 Qc8) 25... Kf8 26. Rhf1 Qxe2 27. Qb3 Bg5+ (
27... Kg7 28. Qxf7+ Kh6 29. Qxe7 $18 {[%cal Rc7e6]}) 28. Kb1 Bf4 29. Qxb7 $16)
25. Nf4 Qb8 {eventually Lputian could made draw, but decided to continue fight.
} 26. Ne6 {[%mdl 128]} Ng5 27. Bc4 Nxe6 28. Bxe6 {[%csl Ge8]} gxh2 29. Rxh2 Bd6
$2 ({Deserves attention} 29... Qc7 30. Rd7 Qxd7 (30... Qb6 31. Qg4 (31. Qc2 {
[%cal Gh2h7]} Qa6 $1 32. Rxh7 Qf1+ 33. Rd1 Bg5+ 34. Kb1 Qxd1+ 35. Qxd1 Rxh7 36.
Qg4 Rh5 $17) 31... Qxf2 32. Rxb7 (32. Rxh7 Rxh7 33. Qxg6+ Rf7 34. Qg8+ Rf8 35.
Qg6+ Qf7 $1 36. Rxe7+ Kxe7 37. Bxf7 Rxf7 $17) 32... Qg1+ 33. Qd1 (33. Kc2 Qxh2
34. Bd5 $5 Qh4 $1) 33... Qxd1+ 34. Kxd1 $13) 31. Bxd7+ Kxd7 32. Qg4+ (32. Rh1
Rad8 33. Qxa7 Kc8 $17) 32... Kc7 33. Qe6 Rae8 $15 {with some advantage}) 30. f4
$1 e4 $2 {Decisive mistake, good or bad, but black must play} (30... Qc7 $5)
31. g3 Qc7 32. Qd4 $1 (32. Qxe4 $143 Rd8 $1 $132) 32... Rf8 (32... Ke7 33. Bc4
Rae8 34. Rhd2 $18) 33. Qxe4 $18 {Now black can't protect king from numerous
threats} (33. Qxd6 $2 Qxd6 34. Rxd6 Ke7 35. Rd7+ Kxe6 36. Rxb7 h5 $13) 33...
Qe7 (33... Rd8 34. Bf7+ $1 Kxf7 35. Rxh7+ Kf6 36. Qd4+ Be5 37. fxe5+ Qxe5 38.
Rf1+ Ke6 39. Re7+ Kxe7 40. Qxe5+ $18) 34. Rxh7 $1 (34. Rxd6 $5 Qxd6 35. Rxh7
Rf6 36. Bb3+ Kf8 37. Rxb7 $18) 34... Qxh7 35. Rxd6 {[%csl Gd6,Ge4,Ge6,Re8]} Qc7
(35... Rf6 36. Bf7+ $1 Kxf7 37. Rd7+ Kg8 38. Rxh7 Kxh7 39. Qe7+ $18) (35... Qe7
36. Qxg6+ Rf7 37. Bxf7+ Qxf7 38. Re6+ $18) 36. Bf7+ Kxf7 37. Qxg6+ (37. Qxg6+
Ke7 38. Qe6#) 1-0

[Event "Dortmund Master"]
[Site "Dortmund"]
[Date "1999.07.12"]
[Round "4"]
[White "Naiditsch, Arkadij"]
[Black "Schmittdiel, Eckhard"]
[Result "0-1"]
[WhiteElo "2417"]
[BlackElo "2505"]
[Annotator "Psakhis,L"]
[PlyCount "108"]
[EventDate "1999.07.09"]
[EventType "tourn"]
[EventRounds "9"]
[EventCountry "GER"]
[EventCategory "9"]
[SourceTitle "CBM 072"]
[Source "ChessBase"]
[SourceDate "1999.10.01"]
[SourceVersion "1"]
[SourceVersionDate "1999.10.01"]
[SourceQuality "1"]

1. e4 c5 2. Nf3 e6 3. d3 d5 4. Qe2 Nf6 5. g3 Be7 6. Bg2 Nc6 7. O-O O-O 8. e5
Nd7 9. c4 Re8 10. Nc3 ({Deserves attention} 10. h4 $142 $5 {[%cal Gh4h6] with
possible continuation} Nf8 (10... f6 11. exf6 Bxf6 12. Bg5 Nb6 13. Nc3 Nd4 14.
Nxd4 Bxg5 15. Nb3 Be7 16. Rfe1 $14 {Libiszewski,F-Tripoteau,N/FRA-chJ B16
Romans 1999/1-0 (43)}) 11. h5 f5 12. exf6 Bxf6 13. Nc3 b6 14. Nh2 Bb7 15. Ng4
$14 {1-0 Belotti,B-Bonazzi,E/Bolzano op 1999 (34)}) 10... d4 11. Nb1 Rb8 12. h4
b5 $146 ({Maybe stronger} 12... a6 13. Bf4 b5 {with reasonable counterplay,
for example} 14. Nbd2 Bb7 15. Rfc1 Ba8 16. h5 h6 17. g4 Na5 $132 {Nijboer,
F-Van der Sterren,P/Rotterdam 1997/CBM 60]/1/2-1/2 (56)}) 13. cxb5 Rxb5 14. Na3
Rb8 15. Bg5 {[%cal Ga3c4,Gc4d6] Hoping to bring knight to d6 after exchange of
bishops.} Ba6 16. Bxe7 Qxe7 17. Rfc1 $14 {[%csl Gc1,Rc5,Rc6,Gg2] White keep
maybe small but long term advantage.} Nb4 18. Nc4 Bxc4 19. Rxc4 Nb6 20. Rcc1
Na4 {[%cal Ga4b2]} 21. Ng5 f6 ({In case of} 21... h6 22. Ne4 Nxb2 23. Qxb2 (23.
Nxc5 $5) 23... Nxd3 24. Qe2 Nxc1 25. Rxc1 $16 {[%csl Rd6,Ge4][%cal Ge4f6] two
pieces much stronger then rook}) 22. Ne4 Nd5 (22... fxe5 23. b3 {[%csl Rc5]})
23. Qc2 Qd7 (23... Nxb2 $2 24. Rab1 $18) 24. exf6 $6 {Not the best move, after
simple , but strong} (24. b3 $1 {white position is clearly better, for example}
Nac3 (24... f5 25. Nd6 $16 (25. Nxc5 $5)) 25. exf6 Nxe4 (25... gxf6 26. Nxc5
Qe7 27. Ne4 $16) 26. dxe4 Nc3 (26... Nxf6 27. e5 $5 Nd5 28. Qxc5 $16) 27. Qd3
$5 $16 {[%cal Rc1c3]}) (24. Nxc5 Nxc5 25. Qxc5 fxe5 26. Qa3 $14 {[%csl Gc1,Gg2]
}) 24... Rxb2 25. Nxc5 $5 (25. f7+ Kxf7 26. Nxc5 Rxc2 27. Nxd7 Rxc1+ 28. Rxc1
Nac3 $11) 25... Rxc2 26. Nxd7 Rxc1+ 27. Rxc1 Nac3 28. Rc2 gxf6 {[%csl Gc3]
Black equalize chances, thanks to white carelessness on the 24th move.} 29. Rb2
Re7 30. Nb8 (30. Nc5 Kf7) 30... e5 31. a4 Rc7 32. a5 Kf7 33. Na6 Re7 (33... Rc6
34. Rb7+) 34. Nc5 f5 {[%cal Ge5e4]} (34... Rc7 $11) 35. a6 Rc7 (35... e4 36.
Rb7 e3 (36... exd3 37. Nxd3 $16) 37. Kf1 $14) 36. Rb7 Ke7 37. Nb3 Kd6 38. Rb8 (
{It was premature to play} 38. f4 {after} exf4 39. Nxd4 Rxb7 40. axb7 Kc7 41.
gxf4 (41. Nc6 Kxb7 42. Ne7 fxg3 43. Nxd5 (43. Bxd5+ Nxd5 44. Nxd5 a5 45. Kg2
Kc6) 43... Nxd5 44. Bxd5+ Kc7 45. Kg2 f4 46. Kf3 Kd6 {[%csl Ga7,Gf4,Gg3]})
41... Nxf4 42. Nxf5 a5 $15 {white much fight for the draw.}) 38... Re7 39. Rd8+
Rd7 40. Rxd7+ $2 {Serious mistake gives initiative to the black, much stronger
was} (40. Rf8 $1 {and after} Nb4 $140 41. Rf6+ Ke7 (41... Kc7 42. Nc5 $18) 42.
Rxf5 (42. Rh6 $5) 42... Nxd3 43. Bf1 e4 44. f3 $1 $14 {white han hope for some
advantage.} (44. Bxd3 $143 $6 exd3 45. Rf3 Ne2+ 46. Kf1 Nc1 $3)) 40... Kxd7 41.
f4 exf4 (41... Kd6 $5) 42. Nxd4 fxg3 43. Nxf5 Ne2+ $1 44. Kf1 Ndf4 {[%csl Ge2,
Gf4,Gg3]} 45. Bf3 Ke6 $1 46. Ng7+ (46. Ne3 Nd4) 46... Kf6 47. Nh5+ Kg6 $1 (
47... Nxh5 48. Kxe2 Nf4+ 49. Ke3 $11) 48. d4 $4 {[%mdl 8192] Final mistake,
Naiditsch had to continue} (48. Nxf4+ Nxf4 49. Be4+ Kg7 $1 50. d4 {with
chances for the draw, for example} h6 51. Kg1 Kf6 52. d5 $5 Ke5 53. Bf3 Ng6 (
53... Nxd5 54. Bxd5 Kxd5 55. Kg2 Kc5 56. Kxg3 Kb5 57. Kg4 Kxa6 58. Kh5 Kb5 59.
Kxh6 a5 60. Kg7 a4 61. h5 a3 62. h6 a2 63. h7 a1=Q+ 64. Kg8 $11) 54. h5 (54.
Kg2 $2 Nxh4+ 55. Kxg3 Nxf3 56. Kxf3 Kxd5 57. Kg4 Kc5 58. Kh5 Kb6 59. Kxh6 Kxa6
60. Kg5 Kb5 61. Kf4 Kc4 62. Ke3 Kc3 $19) 54... Nf4 55. Kf1 Nxd5 56. Bxd5 Kxd5
57. Kg2 Kc6 58. Kxg3 Kb6 59. Kf4 Kxa6 60. Kf5 Kb5 61. Kg6 a5 62. Kxh6 a4 63.
Kg7 $11) 48... g2+ $19 49. Bxg2 Nxg2 50. Kxe2 Kxh5 51. Kf3 Nxh4+ 52. Ke4 Kg6
53. Ke5 Kf7 54. Kd5 Nf5 0-1